000 00386nam a2200157Ia 4500
003 0STCL
008 150530s9999 xx 000 0 und d
040 _aSTCL
_cSTCL
100 _aDouglas Duncan
245 _aBen Jonson and the lucianic tradition
260 _bCambridge university press
_c1979
546 _aEnglish
942 _2ddc
_cBK
999 _c51075
_d51075
005 20220125170835.0